| 000 | 00732nam a22002657a 4500 | ||
|---|---|---|---|
| 999 |
_c8833 _d8833 |
||
| 001 | WIIW0000178 | ||
| 003 | OSt | ||
| 005 | 20190802144232.0 | ||
| 006 | a|||||q|||||00| 0 | ||
| 008 | 190802t2017 |||||q|||||00| 0 eng d | ||
| 020 | _a978-1-4919-7850-4 | ||
| 020 | _a978-1-4919-7851-1 (print) | ||
| 040 | _cOSt | ||
| 041 | _aeng | ||
| 100 | 1 |
_aHope, Tom _4aut |
|
| 245 | 1 | 0 |
_aLearning TensorFlow. _bA guide to building deep learning systems |
| 260 | 1 |
_aSebastopol, California _bO'Reilly Media _c2017 |
|
| 300 | _a242 S | ||
| 650 | _aData Analyses & Machine Learning | ||
| 650 | 0 | _aMachine learning | |
| 650 | 0 | _aArtificial intelligence | |
| 700 | 1 |
_aResheff, Yehezkel S. _4aut |
|
| 700 | 1 |
_aLieder, Itay _4aut |
|
| 942 | _cE | ||